| 000 | 00709cam a22002292 4500 | ||
|---|---|---|---|
| 001 | 0000021316 | ||
| 005 | 20151217155909.0 | ||
| 008 | 120314s xx 000 0 eng d | ||
| 020 | _a9966447135 : | ||
| 040 |
_aKABU _cKABU |
||
| 100 | 1 |
_aOchola, Samuel Agonda. _@0000182131 |
|
| 245 | 1 | 0 |
_aLeadership and economic crisis in Africa / _cSamuel Agonda Ochola. |
| 250 | _a1st ed. | ||
| 260 |
_aNairobi : _bKLB, _c2007. |
||
| 300 | _axv, 448 p. | ||
| 650 | 0 |
_aLeadership _zAfrica. _@0000170353 |
|
| 650 | 0 |
_aFinancial crises _zAfrica. _@0000182132 |
|
| 651 | 0 |
_aAfrica. _xEconmic policy. _@0000182140 |
|
| 852 | 1 | _9p980 KES | |
| 908 | _a120314 | ||
| 950 | _@1 | ||
| 999 |
_c13814 _d13814 |
||